Eastern Europe and the new international economic order representative samples of socialist perspectives

Enregistré dans:
Détails bibliographiques
Format: Livre
Langue:anglais
Publié: New York Pergamon Press 1980
Tags: Ajouter un tag
Pas de tags, Soyez le premier à ajouter un tag!

MARC

LEADER 00000nam a2200000 4500
001 c142813
005 20041019155325.9
041 0 |a eng 
044 |a US 
245 1 0 |a Eastern Europe and the new international economic order  |b representative samples of socialist perspectives 
264 1 |a New York  |b Pergamon Press  |c 1980 
300 |a 107 s.